[Event "BL2-West 1920"]
[Site "Germany"]
[Date "2019.10.20"]
[Round "2.3"]
[White "Jaracz, Pawel"]
[Black "Van Dooren, Dirk"]
[Result "1/2-1/2"]
[WhiteElo "2456"]
[BlackElo "2325"]
[PlyCount "45"]
[EventDate "2019.09.19"]
[EventType "team-tourn"]
[EventRounds "9"]
[EventCountry "GER"]
[SourceTitle "EXT 2023"]
[Source "ChessBase"]
[SourceDate "2022.10.05"]
[SourceVersion "1"]
[SourceVersionDate "2022.10.05"]
[SourceQuality "1"]
[WhiteTeam "Remagen Sinzig"]
[BlackTeam "Aachen DJK"]
[WhiteTeamCountry "GER"]
[BlackTeamCountry "GER"]

1. e4 c6 2. d4 d5 3. e5 Bf5 4. Nd2 e6 5. Nb3 Nd7 6. Nf3 Ne7 7. Be2 Rc8 8. 0-0 c5 9. Nxc5 Nxc5 10. dxc5 Rxc5 11. Nd4 a6 12. Nxf5 Nxf5 13. Bd3 g6 14. Qe2 Rc8 15. Bf4 Be7 16. Rad1 Qa5 17. a3 Qa4 18. Qd2 Rg8 19. c3 h5 20. Bc2 Qc4 21. Bd3 Qa4 22. Bc2 Qc4 23. Bd3 1/2-1/2

[Event "Eindhoven WLC op 10th"]
[Site "Eindhoven"]
[Date "2019.05.24"]
[Round "1"]
[White "De Vries, Leon"]
[Black "Van Dooren, Dirk"]
[Result "0-1"]
[WhiteElo "1707"]
[BlackElo "2371"]
[PlyCount "92"]
[EventDate "2019.05.24"]
[EventType "swiss"]
[EventRounds "6"]
[EventCountry "NED"]
[SourceTitle "CBM 190 Extra"]
[Source "ChessBase"]
[SourceDate "2019.07.15"]
[SourceVersion "1"]
[SourceVersionDate "2019.07.15"]
[SourceQuality "1"]

1. d4 f5 2. Nc3 Nf6 3. Bg5 d5 4. Bxf6 exf6 5. e3 Be6 6. g3 Nc6 7. Bg2 Qd7 8. Nge2 Bf7 9. a3 h5 10. Qd3 Ne7 11. Nc1 a5 12. Nb3 b6 13. Qb5 a4 14. Nd2 Ra5 15. Qxd7+ Kxd7 16. Bf1 c6 17. Bd3 h4 18. 0-0-0 g6 19. Nf3 g5 20. gxh4 Bh5 21. Be2 Bxf3 22. Bxf3 Rxh4 23. h3 Nc8 24. Be2 Nd6 25. f3 Ra8 26. Bd3 b5 27. Rde1 Re8 28. Nd1 Ke6 29. Nf2 Kf7 30. Re2 Be7 31. Rhe1 Bd8 32. c3 Bb6 33. Kd2 c5 34. Kd1 cxd4 35. exd4 Rxe2 36. Rxe2 Rf4 37. Re3 Nc4 38. Bxc4 bxc4 39. Ke2 Bc7 40. Kf1 Rh4 41. Kg2 Rh8 42. Nh1 Bf4 43. Re2 Re8 44. Rxe8 Kxe8 45. Nf2 Kf7 46. Nd1 Kg6 0-1

[Event "BL2-West 1819"]
[Site "Germany"]
[Date "2019.02.24"]
[Round "7.3"]
[White "Van Dooren, Dirk"]
[Black "Rezasade, Amir"]
[Result "1-0"]
[WhiteElo "2360"]
[BlackElo "2354"]
[PlyCount "79"]
[EventDate "2018.11.21"]
[EventType "team-tourn"]
[EventRounds "9"]
[EventCountry "GER"]
[SourceTitle "CBM 190 Extra"]
[Source "ChessBase"]
[SourceDate "2019.07.15"]
[SourceVersion "1"]
[SourceVersionDate "2019.07.15"]
[SourceQuality "1"]
[WhiteTeam "Aachen DJK II"]
[BlackTeam "Muelheim Nord II"]
[WhiteTeamCountry "GER"]
[BlackTeamCountry "GER"]

1. e4 g6 2. d4 Bg7 3. Nc3 a6 4. Be3 b5 5. Bd3 Bb7 6. Nf3 b4 7. Na4 d6 8. c4 Nf6 9. Nd2 0-0 10. 0-0 Qd7 11. f3 a5 12. Qc2 Bc6 13. b3 Bxa4 14. bxa4 e5 15. dxe5 dxe5 16. c5 Nc6 17. Nb3 Nd4 18. Nxd4 exd4 19. Bd2 Rfb8 20. Qb3 Bf8 21. c6 Qe8 22. Rae1 Nh5 23. f4 Rb6 24. f5 Kh8 25. e5 Rxc6 26. Bb5 Rb8 27. f6 Rxb5 28. axb5 Re6 29. Qd5 Rb6 30. Kh1 Rxb5 31. Qxd4 Bc5 32. Qd3 Bf8 33. e6 fxe6 34. f7 Qb8 35. Qd4+ e5 36. Rxe5 c5 37. Rxc5+ Ng7 38. Bh6 Rxc5 39. Bxg7+ Bxg7 40. f8R+ 1-0

[Event "BL2-West 1819"]
[Site "Germany"]
[Date "2019.01.20"]
[Round "5.2"]
[White "Heinz, Axel"]
[Black "Van Dooren, Dirk"]
[Result "1/2-1/2"]
[WhiteElo "2444"]
[BlackElo "2358"]
[PlyCount "106"]
[EventDate "2018.11.21"]
[EventType "team-tourn"]
[EventRounds "9"]
[EventCountry "GER"]
[SourceTitle "CBM 190 Extra"]
[Source "ChessBase"]
[SourceDate "2019.07.15"]
[SourceVersion "1"]
[SourceVersionDate "2019.07.15"]
[SourceQuality "1"]
[WhiteTeam "Oberursel"]
[BlackTeam "Aachen DJK II"]
[WhiteTeamCountry "GER"]
[BlackTeamCountry "GER"]

1. e4 c5 2. Nf3 e6 3. d4 cxd4 4. Nxd4 Nc6 5. Nc3 Qc7 6. g3 a6 7. Bg2 Nf6 8. 0-0 Nxd4 9. Qxd4 Bc5 10. Bf4 d6 11. Qd2 h6 12. Rad1 e5 13. Be3 Be6 14. Bxc5 dxc5 15. Nd5 Bxd5 16. exd5 Qd6 17. f4 exf4 18. Rde1+ Kd7 19. Rxf4 Rae8 20. Rb1 Re5 21. b4 Rhe8 22. Qf2 cxb4 23. Rfxb4 Re1+ 24. Rxe1 Qxb4 25. Qf5+ Kd6 26. Rxe8 Qd4+ 27. Kf1 Nxe8 28. Qxf7 Qd1+ 29. Kf2 Qxc2+ 30. Kf3 Qd3+ 31. Kf2 Qd4+ 32. Ke2 Qe5+ 33. Kd3 b5 34. Qf8+ Kc7 35. Qc5+ Kd8 36. Qb6+ Ke7 37. Qxa6 Nd6 38. Qa7+ Kf8 39. Qd4 Qf5+ 40. Kc3 Kg8 41. Qf4 Qc8+ 42. Kb4 Nb7 43. Qe3 Qc4+ 44. Ka3 Nc5 45. d6 b4+ 46. Kb2 b3 47. Qd2 Nd3+ 48. Kb1 Kf8 49. axb3 Qxb3+ 50. Ka1 Qa3+ 51. Kb1 Qb3+ 52. Ka1 Qa3+ 53. Kb1 Qb3+ 1/2-1/2

[Event "BL2-West 1819"]
[Site "Germany"]
[Date "2018.12.16"]
[Round "4.2"]
[White "Van Dooren, Dirk"]
[Black "Hammes, Michael"]
[Result "1-0"]
[WhiteElo "2348"]
[BlackElo "2347"]
[PlyCount "91"]
[EventDate "2018.11.21"]
[EventType "team-tourn"]
[EventRounds "9"]
[EventCountry "GER"]
[SourceTitle "CBM 190 Extra"]
[Source "ChessBase"]
[SourceDate "2019.07.15"]
[SourceVersion "1"]
[SourceVersionDate "2019.07.15"]
[SourceQuality "1"]
[WhiteTeam "Aachen DJK II"]
[BlackTeam "Koblenz"]
[WhiteTeamCountry "GER"]
[BlackTeamCountry "GER"]

1. e4 e6 2. d3 d5 3. Qe2 Be7 4. Nf3 Nf6 5. e5 Nfd7 6. g3 b5 7. Bg2 c5 8. 0-0 Nc6 9. Re1 Nb6 10. h4 h6 11. Nbd2 a5 12. Nf1 Ba6 13. Ne3 b4 14. c4 bxc3 15. bxc3 Rb8 16. Bd2 Na4 17. Rab1 Nb2 18. c4 dxc4 19. dxc4 Nd4 20. Nxd4 cxd4 21. Nd1 Nxc4 22. Bxa5 Qc8 23. Bc6+ Kf8 24. Bd7 Nxa5 25. Bxc8 Bxe2 26. Rxb8 Nc6 27. Ra8 d3 28. Bb7+ Nd8 29. Nc3 Bh5 30. f3 g5 31. g4 Bg6 32. h5 Bh7 33. Be4 Bc5+ 34. Kg2 Kg7 35. Rc8 Bd4 36. Bxh7 Kxh7 37. Re4 Bb6 38. Rb4 Ba5 39. Rd4 Nb7 40. Rxh8+ Kxh8 41. Ne4 d2 42. Kf1 Nd8 43. Ke2 Kg7 44. Nxd2 Nc6 45. Re4 Bc3 46. Nc4 1-0

[Event "Eindhoven WLC op 9th"]
[Site "Eindhoven"]
[Date "2018.05.25"]
[Round "1"]
[White "Van Dooren, Dirk"]
[Black "Cheng, Ngo Hin"]
[Result "1-0"]
[WhiteElo "2325"]
[BlackElo "1974"]
[PlyCount "43"]
[EventDate "2018.05.25"]
[EventType "swiss"]
[EventRounds "6"]
[EventCountry "NED"]
[SourceTitle "CBM 184 Extra"]
[Source "ChessBase"]
[SourceDate "2018.06.28"]
[SourceVersion "1"]
[SourceVersionDate "2018.06.28"]
[SourceQuality "1"]

1. e4 c5 2. d3 Nc6 3. f4 g6 4. Nf3 Bg7 5. g3 d6 6. Bg2 e5 7. 0-0 exf4 8. Bxf4 Bxb2 9. Nbd2 Bxa1 10. Qxa1 f6 11. Nc4 Ne5 12. Nfxe5 dxe5 13. Bxe5 Kf7 14. Bc3 b5 15. Ne5+ Ke8 16. Nc6 Qb6 17. Bxf6 Qxc6 18. Bxh8 Bb7 19. Qg7 Ne7 20. Rf8+ Kd7 21. Bh3+ Kd6 22. Qe5# 1-0

[Event "BL2-West 1718"]
[Site "Germany"]
[Date "2018.03.18"]
[Round "8.2"]
[White "Klyuner, Vyacheslav"]
[Black "Van Dooren, Dirk"]
[Result "1/2-1/2"]
[WhiteElo "2437"]
[BlackElo "2333"]
[PlyCount "93"]
[EventDate "2017.10.08"]
[EventType "team-tourn"]
[EventRounds "9"]
[EventCountry "GER"]
[SourceTitle "CBM 183 Extra"]
[Source "ChessBase"]
[SourceDate "2018.04.19"]
[SourceVersion "1"]
[SourceVersionDate "2018.04.19"]
[SourceQuality "1"]
[WhiteTeam "Dortmund Hansa"]
[BlackTeam "Aachen DJK"]
[WhiteTeamCountry "GER"]
[BlackTeamCountry "GER"]

1. e4 e6 2. d3 d5 3. Nd2 c5 4. Ngf3 Nc6 5. g3 g6 6. Bg2 Bg7 7. 0-0 Nge7 8. c3 b6 9. Re1 h6 10. exd5 Nxd5 11. Nc4 Qc7 12. Qe2 0-0 13. Nfe5 Nxe5 14. Nxe5 Bb7 15. h4 Rad8 16. a4 Ne7 17. Bf4 Qc8 18. Bxb7 Qxb7 19. a5 Nc6 20. Nxc6 Qxc6 21. axb6 axb6 22. Ra7 Rd7 23. Rxd7 Qxd7 24. Qe3 h5 25. Qe4 Rd8 26. Bg5 Rb8 27. Ra1 b5 28. Ra8 Rxa8 29. Qxa8+ Kh7 30. Qd8 Qa7 31. Bf6 Qa1+ 32. Kg2 Qxb2 33. g4 Qe2 34. g5 Qg4+ 35. Kf1 Qxh4 36. Qe7 Qh1+ 37. Ke2 Qa8 38. Qxf7 Qf8 39. Qxe6 b4 40. cxb4 cxb4 41. Kd2 b3 42. Kc3 Qa3 43. Qd7 Qf8 44. Qe6 Qa3 45. Qd7 Qf8 46. Qe6 Qa3 47. Qd7 1/2-1/2

[Event "Maastricht Limburg op-A 11th"]
[Site "Maastricht"]
[Date "2017.06.03"]
[Round "2"]
[White "Van Dooren, Dirk"]
[Black "Fier, Alexandr"]
[Result "1-0"]
[WhiteElo "2355"]
[BlackElo "2576"]
[PlyCount "123"]
[EventDate "2017.06.02"]
[EventType "swiss"]
[EventRounds "7"]
[EventCountry "NED"]
[SourceTitle "CBM 178 Extra"]
[Source "ChessBase"]
[SourceDate "2017.06.22"]
[SourceVersion "1"]
[SourceVersionDate "2017.06.22"]
[SourceQuality "1"]

1. e4 c5 2. Nf3 e6 3. d4 cxd4 4. Nxd4 Nc6 5. Nc3 Qc7 6. Be3 a6 7. Bd3 Nf6 8. 0-0 Ne5 9. Nf3 Nxf3+ 10. Qxf3 Bd6 11. Kh1 h5 12. Na4 Ng4 13. Nb6 Nxh2 14. Nxa8 Qb8 15. Qd1 Qxa8 16. Re1 Ng4 17. Bd4 Qb8 18. Kg1 b5 19. Be2 Bb4 20. Bxg4 Bxe1 21. Bxh5 Bb4 22. Bxg7 Rh7 23. Qg4 Bf8 24. Bf6 Qc7 25. Rd1 d6 26. Rd3 b4 27. c3 a5 28. e5 d5 29. Rh3 Qc4 30. Qg8 Qe4 31. Be2 Rxh3 32. Bb5+ Bd7 33. Bxd7+ Kxd7 34. Qxf7+ Kc6 35. Qxe6+ Kb5 36. Qd7+ Kc4 37. Qc8+ Kb5 38. Qb7+ Kc5 39. Qa7+ Kb5 40. gxh3 bxc3 41. Qb7+ Kc5 42. Qc7+ Kb5 43. Qb7+ Kc5 44. Qc8+ Kb5 45. Qe8+ Kc4 46. bxc3 Qb1+ 47. Kg2 Bc5 48. Qa4+ Kd3 49. Qxa5 Ke2 50. Qa6+ Kd2 51. Bg5+ Kxc3 52. Qa5+ Kc4 53. Qa4+ Kc3 54. Qb3+ Qxb3 55. axb3 d4 56. h4 d3 57. h5 Kd4 58. h6 Be7 59. h7 Bxg5 60. h8Q d2 61. Qh5 Kd3 62. Qxg5 1-0

[Event "Oberliga NRW 1617"]
[Site "Germany"]
[Date "2017.05.21"]
[Round "9.2"]
[White "Van Dooren, Dirk"]
[Black "Tripolsky, Eugene"]
[Result "1-0"]
[WhiteElo "2311"]
[BlackElo "2318"]
[PlyCount "59"]
[EventDate "2016.09.25"]
[EventType "team-tourn"]
[EventRounds "9"]
[EventCountry "GER"]
[SourceTitle "EXT 2020"]
[Source "ChessBase"]
[SourceDate "2019.10.17"]
[SourceVersion "1"]
[SourceVersionDate "2019.10.17"]
[SourceQuality "1"]
[WhiteTeam "Aachen Aufwaerts II"]
[BlackTeam "Ennepe Ruhr Sued"]
[WhiteTeamCountry "GER"]
[BlackTeamCountry "GER"]

1. e4 d6 2. d4 Nf6 3. Nc3 g6 4. Be3 c6 5. Qd2 Nbd7 6. f3 b5 7. Bd3 Bg7 8. h4 Nb6 9. b3 h5 10. Nh3 Bxh3 11. Rxh3 Qc7 12. Kf2 a5 13. a4 b4 14. Ne2 c5 15. Bb5+ Nfd7 16. dxc5 dxc5 17. Rc1 0-0 18. c3 bxc3 19. Nxc3 Ne5 20. Nd5 Nxd5 21. Rxc5 Qb8 22. exd5 Rd8 23. Rh1 Qb6 24. Rhc1 Qf6 25. Bg5 Qf5 26. Bxe7 Bh6 27. Bg5 Bf8 28. Bxd8 Bxc5+ 29. Rxc5 Rxd8 30. Qg5 1-0

[Event "Eindhoven WLC op 8th"]
[Site "Eindhoven"]
[Date "2017.04.08"]
[Round "4"]
[White "Van Dooren, Dirk"]
[Black "Roebers, Jan"]
[Result "1-0"]
[WhiteElo "2338"]
[BlackElo "2089"]
[PlyCount "66"]
[EventDate "2017.04.07"]
[EventType "swiss"]
[EventRounds "6"]
[EventCountry "NED"]
[SourceTitle "CBM 177 Extra"]
[Source "ChessBase"]
[SourceDate "2017.04.27"]
[SourceVersion "1"]
[SourceVersionDate "2017.04.27"]
[SourceQuality "1"]

1. e4 e6 2. d3 d5 3. Nd2 c5 4. Ngf3 Nc6 5. g3 g6 6. Bg2 Bg7 7. 0-0 Nge7 8. Re1 0-0 9. c3 d4 10. cxd4 Nxd4 11. Nxd4 Qxd4 12. Nb3 Qd6 13. Be3 Bxb2 14. Bxc5 Qd7 15. Rb1 Bg7 16. e5 Rd8 17. Bd6 Nd5 18. Nc5 Qc6 19. Rc1 Qb5 20. a4 Qa5 21. Bxd5 exd5 22. Qf3 b6 23. Bc7 Re8 24. Qxd5 Bf5 25. Qc6 Bf8 26. Ne4 Be7 27. d4 Be6 28. Qb5 Rec8 29. Qxa5 bxa5 30. Bxa5 Ba3 31. Rxc8+ Rxc8 32. d5 Bh3 33. d6 Kf8 1-0

[Event "NED-chT 1617"]
[Site "Netherlands"]
[Date "2017.02.04"]
[Round "6.5"]
[White "Admiraal, Miguoel"]
[Black "Van Dooren, Dirk"]
[Result "1-0"]
[WhiteElo "2444"]
[BlackElo "2311"]
[PlyCount "93"]
[EventDate "2016.09.17"]
[EventType "team-tourn"]
[EventRounds "9"]
[EventCountry "NED"]
[SourceTitle "EXT 2018"]
[Source "ChessBase"]
[SourceDate "2017.10.13"]
[SourceVersion "1"]
[SourceVersionDate "2017.10.13"]
[SourceQuality "1"]
[WhiteTeam "Kennemer Combinatie"]
[BlackTeam "Calder HMC"]
[WhiteTeamCountry "NED"]
[BlackTeamCountry "NED"]

1. e4 c5 2. Nf3 e6 3. d4 cxd4 4. Nxd4 Nc6 5. Nc3 Qc7 6. Nxc6 bxc6 7. Bd3 Nf6 8. Qe2 e5 9. 0-0 Be7 10. f4 d6 11. Kh1 h5 12. fxe5 Ng4 13. h3 Nxe5 14. Bf4 Bf6 15. Nd1 a5 16. Ne3 Rb8 17. Bc4 Rxb2 18. Bxe5 Bxe5 19. Bxf7+ Kd8 20. Rad1 Qe7 21. Qd2 Rb5 22. Nc4 Kc7 23. Nxe5 Qxe5 24. Bc4 Rb4 25. Rf7+ Bd7 26. Qf2 Ra8 27. Bd3 g6 28. Rf1 c5 29. a3 Rb7 30. Bc4 Qxe4 31. Bd3 Qe5 32. Bxg6 Rd8 33. Qd2 c4 34. Rd1 Qc5 35. Rh7 Qxa3 36. Rxh5 Bc6 37. Rh7+ Kb8 38. Rxb7+ Bxb7 39. c3 Qc5 40. Rb1 Ka7 41. Qf4 Rh8 42. Be4 Bxe4 43. Qxe4 Rb8 44. Qe7+ Ka8 45. Ra1 Rb3 46. h4 Rxc3 47. Qf8+ 1-0

[Event "Oberliga NRW 1617"]
[Site "Germany"]
[Date "2017.01.22"]
[Round "5.4"]
[White "Van Dooren, Dirk"]
[Black "Hemmann, Arnold"]
[Result "1-0"]
[WhiteElo "2311"]
[BlackElo "2167"]
[PlyCount "83"]
[EventDate "2016.09.25"]
[EventType "team-tourn"]
[EventRounds "9"]
[EventCountry "GER"]
[SourceTitle "EXT 2020"]
[Source "ChessBase"]
[SourceDate "2019.10.17"]
[SourceVersion "1"]
[SourceVersionDate "2019.10.17"]
[SourceQuality "1"]
[WhiteTeam "Aachen Aufwaerts II"]
[BlackTeam "Godesberg"]
[WhiteTeamCountry "GER"]
[BlackTeamCountry "GER"]

1. e4 c5 2. Nf3 Nf6 3. Nc3 Nc6 4. d4 d5 5. exd5 Nxd5 6. dxc5 Nxc3 7. Qxd8+ Nxd8 8. bxc3 f6 9. Be3 e5 10. Nd2 Ne6 11. Ne4 Bd7 12. 0-0-0 Rc8 13. Nd6+ Bxd6 14. cxd6 Rxc3 15. Kb2 Rc8 16. Bxa7 b6 17. Kc1 Nd4 18. Bd3 Rc6 19. Be4 Rxd6 20. Bb8 Ne2+ 21. Kb2 Rd4 22. Rxd4 Nxd4 23. c3 Nc6 24. Bd6 Na5 25. Rd1 Be6 26. Bb4 Nc4+ 27. Kc2 b5 28. Bc6+ Kf7 29. Bxb5 Nb6 30. Rd6 Rb8 31. a4 Nd5 32. Ba5 Ke7 33. Ra6 f5 34. g3 Rc8 35. Kd3 e4+ 36. Kd4 Nf6 37. Ra7+ Kf8 38. h3 Bf7 39. c4 g5 40. Ke5 Kg7 41. Rc7 Ra8 42. Bb6 1-0

[Event "NED-chT 1617"]
[Site "Netherlands"]
[Date "2016.11.05"]
[Round "3.1"]
[White "Kunin, Vitaly L"]
[Black "Van Dooren, Dirk"]
[Result "1-0"]
[WhiteElo "2595"]
[BlackElo "2311"]
[PlyCount "33"]
[EventDate "2016.09.17"]
[EventType "team-tourn"]
[EventRounds "9"]
[EventCountry "NED"]
[SourceTitle "EXT 2018"]
[Source "ChessBase"]
[SourceDate "2017.10.13"]
[SourceVersion "1"]
[SourceVersionDate "2017.10.13"]
[SourceQuality "1"]
[WhiteTeam "Rotterdam Pathena"]
[BlackTeam "Calder HMC"]
[WhiteTeamCountry "NED"]
[BlackTeamCountry "NED"]

1. d4 f5 2. Nc3 Nf6 3. Bg5 d5 4. f3 c5 5. e4 dxe4 6. dxc5 Qa5 7. Qd2 Nc6 8. Bb5 Be6 9. Bxc6+ bxc6 10. Nxe4 Qb5 11. Nc3 Qxb2 12. Rd1 g6 13. Bxf6 exf6 14. Qe3 Kf7 15. Rb1 Qa3 16. Rb7+ Be7 17. Rxe7+ 1-0

[Event "Dieren op"]
[Site "Dieren"]
[Date "2016.08.04"]
[Round "9"]
[White "Kollen, Zyon"]
[Black "Van Dooren, Dirk"]
[Result "1-0"]
[WhiteElo "2310"]
[BlackElo "2390"]
[PlyCount "42"]
[EventDate "2016.07.26"]
[EventType "swiss"]
[EventRounds "9"]
[EventCountry "NED"]
[SourceTitle "CBM 173 Extra"]
[Source "ChessBase"]
[SourceDate "2016.08.29"]
[SourceVersion "1"]
[SourceVersionDate "2016.08.29"]
[SourceQuality "1"]

1. d4 f5 2. Nf3 e6 3. g3 Nf6 4. Bg2 Be7 5. 0-0 0-0 6. c4 d6 7. Nc3 Ne4 8. Nxe4 fxe4 9. Nd2 d5 10. f3 Nc6 11. fxe4 Rxf1+ 12. Nxf1 dxc4 13. Be3 Bd7 14. b3 Na5 15. Nd2 cxb3 16. axb3 Nc6 17. Nf3 Nb4 18. Bh3 Bf6 19. Qd2 c5 20. e5 cxd4 21. exf6 dxe3 1-0

[Event "Dieren op"]
[Site "Dieren"]
[Date "2016.07.30"]
[Round "5"]
[White "Beukema, Stefan"]
[Black "Van Dooren, Dirk"]
[Result "1-0"]
[WhiteElo "2355"]
[BlackElo "2390"]
[PlyCount "45"]
[EventDate "2016.07.26"]
[EventType "swiss"]
[EventRounds "9"]
[EventCountry "NED"]
[SourceTitle "CBM 173 Extra"]
[Source "ChessBase"]
[SourceDate "2016.08.29"]
[SourceVersion "1"]
[SourceVersionDate "2016.08.29"]
[SourceQuality "1"]

1. e4 c5 2. Nf3 e6 3. d3 Nc6 4. g3 d5 5. Qe2 Be7 6. Bg2 Nf6 7. e5 Nd7 8. h4 h6 9. c4 0-0 10. 0-0 b6 11. Nc3 d4 12. Ne4 Bb7 13. Bf4 a6 14. g4 f5 15. exf6 Nxf6 16. Ng3 Qd7 17. g5 hxg5 18. hxg5 Ng4 19. Bd2 Nd8 20. Nh4 Bxg2 21. Kxg2 e5 22. Ne4 Ne6 23. Qxg4 1-0

[Event "Maastricht Limburg op-A 10th"]
[Site "Maastricht"]
[Date "2016.05.16"]
[Round "7"]
[White "Van Dooren, Dirk"]
[Black "Wirig, Anthony"]
[Result "1/2-1/2"]
[WhiteElo "2365"]
[BlackElo "2494"]
[PlyCount "102"]
[EventDate "2016.05.13"]
[EventType "swiss"]
[EventRounds "7"]
[EventCountry "NED"]
[SourceTitle "CBM 172 Extra"]
[Source "ChessBase"]
[SourceDate "2016.06.21"]
[SourceVersion "1"]
[SourceVersionDate "2016.06.21"]
[SourceQuality "1"]

1. e4 c5 2. Nf3 e6 3. d4 cxd4 4. Nxd4 Nf6 5. Nc3 Nc6 6. Ndb5 Bc5 7. Be3 Bxe3 8. Nd6+ Ke7 9. fxe3 Qc7 10. Nc4 Ne5 11. Nxe5 Qxe5 12. Qd4 d6 13. Be2 Bd7 14. 0-0-0 Bc6 15. Bf3 g5 16. g3 h5 17. Rhf1 g4 18. Bg2 h4 19. Rf4 Nh5 20. Rxg4 hxg3 21. hxg3 Rag8 22. Rxg8 Rxg8 23. Qxa7 Qc5 24. Qxc5 dxc5 25. Bf3 Nxg3 26. Rg1 b5 27. Kb1 Rg6 28. a3 Be8 29. Ka1 Kf6 30. b4 cxb4 31. axb4 Ke5 32. Kb2 Bc6 33. Kc1 Be8 34. Rg2 Nf1 35. Rxg6 fxg6 36. Be2 Nxe3 37. Kd2 Nc4+ 38. Bxc4 bxc4 39. Ke3 Bc6 40. b5 Bb7 41. b6 g5 42. Na4 Kd6 43. Nb2 Kc5 44. c3 g4 45. Kf4 g3 46. Kxg3 Bxe4 47. Kf4 Bd5 48. Ke5 Kxb6 49. Nd1 Kb5 50. Ne3 Kc5 51. Ng4 Bf3 1/2-1/2

[Event "Maastricht Limburg op-A 10th"]
[Site "Maastricht"]
[Date "2016.05.14"]
[Round "3"]
[White "Schroeder, Jan Christian"]
[Black "Van Dooren, Dirk"]
[Result "1/2-1/2"]
[WhiteElo "2508"]
[BlackElo "2365"]
[PlyCount "143"]
[EventDate "2016.05.13"]
[EventType "swiss"]
[EventRounds "7"]
[EventCountry "NED"]
[SourceTitle "CBM 172 Extra"]
[Source "ChessBase"]
[SourceDate "2016.06.21"]
[SourceVersion "1"]
[SourceVersionDate "2016.06.21"]
[SourceQuality "1"]

1. e4 c5 2. Nf3 e6 3. d4 cxd4 4. Nxd4 Nc6 5. Nc3 Qc7 6. Be3 a6 7. Be2 Nf6 8. 0-0 Bb4 9. Na4 Be7 10. Nxc6 bxc6 11. Nb6 Rb8 12. Nxc8 Qxc8 13. Bd4 c5 14. Be5 Rb6 15. Qd3 d6 16. Bc3 0-0 17. b3 d5 18. exd5 Nxd5 19. Be5 Rd8 20. Rad1 Nf4 21. Qe4 Nxe2+ 22. Qxe2 c4 23. Rxd8+ Bxd8 24. Bd4 Rc6 25. b4 Be7 26. c3 Qd7 27. Rd1 Rd6 28. Re1 Qc6 29. Bc5 Rd7 30. Bxe7 Rxe7 31. Rd1 Re8 32. Rd4 Rc8 33. h4 h6 34. Qd1 e5 35. Rd5 Qf6 36. Qg4 Re8 37. h5 e4 38. Qd7 Rf8 39. Rd4 Qg5 40. Rxc4 Qc1+ 41. Kh2 Qf4+ 42. Kh3 f5 43. f3 Qg5 44. Rc8 Qxh5+ 45. Kg3 Qg5+ 46. Kh3 Qh5+ 47. Kg3 f4+ 48. Kf2 e3+ 49. Ke2 Qb5+ 50. Qxb5 axb5 51. Rc5 Ra8 52. Rxb5 Rxa2+ 53. Kf1 Rf2+ 54. Kg1 Rc2 55. Re5 Rxc3 56. g3 e2 57. Rxe2 Rxf3 58. gxf4 Rxf4 59. Rb2 Rf7 60. b5 Kf8 61. Kg2 Rb7 62. Kf3 Ke7 63. Ke4 Ke6 64. Rg2 Kf6 65. Rb2 g5 66. b6 h5 67. Rb5 Kg6 68. Kf3 Kf6 69. Kg3 Kg6 70. Kf3 Kf6 71. Kg3 Kg6 72. Kf3 1/2-1/2

[Event "Oberliga NRW 1516"]
[Site "Germany"]
[Date "2016.05.08"]
[Round "9.4"]
[White "Miedema, David"]
[Black "Van Dooren, Dirk"]
[Result "1-0"]
[WhiteElo "2346"]
[BlackElo "2300"]
[PlyCount "107"]
[EventDate "2015.09.27"]
[EventType "team-tourn"]
[EventRounds "9"]
[EventCountry "GER"]
[SourceTitle "EXT 2017"]
[Source "ChessBase"]
[SourceDate "2016.10.25"]
[SourceVersion "1"]
[SourceVersionDate "2016.10.25"]
[SourceQuality "1"]
[WhiteTeam "Duesseldorf"]
[BlackTeam "Aachen Aufwaerts II"]
[WhiteTeamCountry "GER"]
[BlackTeamCountry "GER"]

1. d4 f5 2. g3 e6 3. Bg2 Nf6 4. c4 Be7 5. Nf3 0-0 6. 0-0 d6 7. Nc3 Ne4 8. Qc2 Nxc3 9. bxc3 Nc6 10. e4 e5 11. dxe5 dxe5 12. Rd1 Qe8 13. Rd5 Be6 14. exf5 Bxf5 15. Qe2 Qh5 16. Nd4 Qxe2 17. Nxe2 Rab8 18. Rd1 Bg4 19. Re1 Bc5 20. Be3 Bxe3 21. fxe3 Na5 22. Nc1 c6 23. Bf1 b6 24. Nb3 Nb7 25. Bg2 Rf6 26. c5 Rd8 27. cxb6 axb6 28. a4 Ra8 29. Nd2 Na5 30. Rab1 Rb8 31. Ne4 Rff8 32. Rb4 Be6 33. Reb1 Ba2 34. R1b2 Bd5 35. Nd2 Rfd8 36. Bf1 Be6 37. Nf3 Rd1 38. Rb1 Rxb1 39. Rxb1 Bd5 40. Nxe5 Re8 41. Nd7 Rxe3 42. Nxb6 Be6 43. Rc1 Nb3 44. Kf2 Re5 45. Re1 Rf5+ 46. Kg1 Bf7 47. Rd1 g5 48. Rd7 Rc5 49. c4 Be6 50. Re7 Nd4 51. Bd3 Bf5 52. Nd7 Ra5 53. Bxf5 Nxf5 54. Re5 1-0

[Event "Oberliga NRW 1516"]
[Site "Germany"]
[Date "2016.04.03"]
[Round "8.5"]
[White "Soukup, Jiri"]
[Black "Van Dooren, Dirk"]
[Result "0-1"]
[WhiteElo "2308"]
[BlackElo "2316"]
[PlyCount "82"]
[EventDate "2015.09.27"]
[EventType "team-tourn"]
[EventRounds "9"]
[EventCountry "GER"]
[SourceTitle "EXT 2017"]
[Source "ChessBase"]
[SourceDate "2016.10.25"]
[SourceVersion "1"]
[SourceVersionDate "2016.10.25"]
[SourceQuality "1"]
[WhiteTeam "Letmathe"]
[BlackTeam "Aachen Aufwaerts II"]
[WhiteTeamCountry "GER"]
[BlackTeamCountry "GER"]

1. e4 c5 2. Nf3 e6 3. d4 cxd4 4. Nxd4 Nc6 5. g3 a6 6. Bg2 Qc7 7. Nc3 Nf6 8. 0-0 Nxd4 9. Qxd4 Bc5 10. Qd3 Ng4 11. Qe2 h5 12. Bf4 d6 13. Rad1 Bd7 14. h3 Ne5 15. Be3 Bb4 16. f4 Bxc3 17. bxc3 Bb5 18. Qf2 Bxf1 19. fxe5 Bxg2 20. exd6 Qd7 21. Kxg2 Rc8 22. Qe2 b5 23. Bd4 f6 24. e5 fxe5 25. Qxe5 0-0 26. Re1 Rce8 27. Qxh5 Qc6+ 28. Kg1 Qxd6 29. Qg6 Qd7 30. Re5 Rf6 31. Qe4 Rf5 32. g4 Rxe5 33. Qxe5 Re7 34. g5 Qd5 35. Qb8+ Kh7 36. Qg3 Qf5 37. Qg2 e5 38. Bc5 Rc7 39. Bb4 Rd7 40. c4 Rd1+ 41. Kh2 Qf4+ 0-1

[Event "Oberliga NRW 1516"]
[Site "Germany"]
[Date "2015.11.22"]
[Round "3.7"]
[White "Wagenknecht, Uwe"]
[Black "Van Dooren, Dirk"]
[Result "1-0"]
[WhiteElo "2161"]
[BlackElo "2270"]
[PlyCount "67"]
[EventDate "2015.09.27"]
[EventType "team-tourn"]
[EventRounds "9"]
[EventCountry "GER"]
[SourceTitle "EXT 2017"]
[Source "ChessBase"]
[SourceDate "2016.10.25"]
[SourceVersion "1"]
[SourceVersionDate "2016.10.25"]
[SourceQuality "1"]
[WhiteTeam "Koeln Porz II"]
[BlackTeam "Aachen Aufwaerts II"]
[WhiteTeamCountry "GER"]
[BlackTeamCountry "GER"]

1. Nf3 f5 2. d3 Nc6 3. g3 e5 4. Bg2 Nf6 5. 0-0 d5 6. c4 d4 7. e3 dxe3 8. Bxe3 Be7 9. Nc3 0-0 10. Nd5 Bd6 11. Bg5 Be6 12. Re1 Qd7 13. Nxf6+ gxf6 14. Bh6 Rfe8 15. a3 a5 16. Qa4 Bc5 17. Rad1 Qd6 18. Be3 b6 19. d4 exd4 20. Nxd4 Nxd4 21. Bxd4 Bd7 22. Bxc5 Bxa4 23. Bxd6 Bxd1 24. Rxd1 Rac8 25. Bf4 Re7 26. Bh3 Rce8 27. Rd2 Re4 28. Bxc7 Rxc4 29. Bxb6 f4 30. Kg2 a4 31. Bd7 Re1 32. Bb5 Rce4 33. Bd4 fxg3 34. hxg3 1-0